1179 1772 1705 1797 1430 1198 1872 1801 1470 1128 1708 1203 1563 1398 1272 1902 1982 1533 1760 1439 1553 1774 1246 1463 1352 1954 1186 1376 1986 1409 1917 1710 1984 1586 1573 1933 1661 1550 1280 1624 1604 1693 1734 1539 1843 1977 1258 1658 1930 1986 1267 1629 1624 1836 1192 1537 1035 1587 1298 1488 1074 1900 1151 1575 1800 1584 1478 1996 1392 1005 1290 1381 1773 1095 1093 1211 1048 1501 1668 1281 1637 1535 1078 1216 1362 1055 1765 1979 1403 1608 1658 1665 1930 1907 1242 1065 1054 1994 1131 BCNSPRNW ULIB Ver.6.0+V

เปลี่ยนเป็นภาษาไทย

Change to English
 แสดงรายละเอียดบรรณานุกรม
  กลับหน้าหลัก

Brief Record : Get Marc (ISO 2709) : E-mail record : QR code < ปิดหน้าต่าง
LEADER : 00000nam 2200000uu 4500
001    13399110971
003     ULIB
008    110614s||||||||th 000 0 tha d
020    9789741010639
050  4 AC158^bอ543ว 2551
100 1  ยองจู, อัน
245 10 วิทยาศาสตร์ฉลาดรู้ เรื่อง พลังงาน /^cอันยองจู, เขียน ;วิภาพร พูลสวัสดิ์, แปล
250    พิมพ์ครั้งที่ 4
260    กรุงเทพฯ :^bอัมรินทร์คอมมิกส์,^c2551
300    199 หน้า :^bภาพประกอบ ;^c21 ซม.
440  0 ชุดวิทยาศาสตร์ฉลาดรู้ ;^vลำดับที่ 13
650  7 การ์ตูน
650  7 พลังงาน (กลศาสตร์)^xวรรณกรรมสำหรับเด็ก
650  7 วรรณกรรมเกาหลี
650  7 วรรณกรรมสำหรับเด็ก
700 0  วิภาพร พูลสวัสดิ์,^eผู้แปล
945    ^p199^l0^i024192
945    ^p199^l0^i024191
995    ทศพร
999 ^a ใช้งานได้ทุกระบบ
รายการนี้ยังไม่มีแท็ก
คุณยังไม่ได้ล็อกอิน คุณสามารถมีกิจกรรมร่วมกับเว็บไซต์ได้ แต่ต้องล็อกอินก่อน ::
  ล็อกอิน

รายการสื่อสารสนเทศ

ลำดับที่ ประเภท เลขเรียก/บาร์โค้ด สถานที่ สถานะ
- ไม่พบข้อมูล -

รายการใกล้เคียง
    ผู้แต่ง [ยองจู, อัน]

    หัวเรื่อง [การ์ตูน]
    หัวเรื่อง [วรรณกรรมเกาหลี]
    หัวเรื่อง [วรรณกรรมสำหรับเด็ก]

BibComment


ยังไม่เคยถูกคอมเมนท์

คอมเมนท์ทรัพยากรรายการนี้
  คอมเมนท์: วิทยาศาสตร์ฉลาดรู..


 Copyright 2026. Bcnsprnw @Library